• 首页
  • 本馆介绍
  • 公告通知
  • 最新文献
  • 馆藏检索
  • 电子资源
  • 读者导购
  • 参考咨询
  • 我的图书馆
  • 登录
  • 详细信息显示
  • 放入我的书架
  • 预约/预借图书
  • 作者相关作品
  • 分类相关作品
  • 丛书相关作品
  • 出版社相关作品

书目信息

  • 表格格式
  • 工作单格式
  • 卡片格式
题名:
建筑企业法律风险防范与化解
    
 
作者: 周月萍 编著
分册:  
出版信息: 北京   法律出版社  2014
页数: 375页
开本: 23cm
丛书名: 远建建筑房地产法律研究中心系列丛书
单 册:
中图分类: D922.297.4 , D923.64
科图分类:
主题词: 建筑法--基本知识--中国 , 建筑工程--工程施工--合同法--基本知识--中国 , 建筑法 , 建筑工程 , 合同法
电子资源:
ISBN: 978-7-5118-5769-9
000 01312nam0 2200325 450
001 523
005 20140908081859.73
010    @a978-7-5118-5769-9@dCNY78.00
100    @a20140626d2014 em y0chiy50 ea
101 0  @achi
102    @aCN@b110000
105    @aa z 000yy
106    @ar
200 1  @a建筑企业法律风险防范与化解@AJian Zhu Qi Ye Fa Lu^ Feng Xian Fang Fan Yu Hua Jie@e2013版施工合同实务专辑@E2013 Ban Shi Gong He Tong Shi Wu Zhuan Ji@f周月萍编著@FZhou Yue Ping Bian Zhu
210    @a北京@c法律出版社@d2014
215    @a375页@c彩照@d23cm
225 2  @a远建建筑房地产法律研究中心系列丛书
330    @a本书从项目招标投标、合同效力、工程质量、签证与索赔等十一个专题角度,展开对2013版施工合同执行后建筑企业面临的新法律风险防范与化解的研讨;同时对施工合同与国际工程承包市场其他常用合同形式的对接也作了深入探讨。
461  0 @12001 @a远建建筑房地产法律研究中心系列丛书
517 1  @a2013版施工合同实务专辑@A2013 Ban Shi Gong He Tong Shi Wu Zhuan Ji
606 0  @a建筑法@x基本知识@y中国
606 0  @a建筑工程@x工程施工@x合同法@x基本知识@y中国
606 0  @a建筑法
606 0  @a建筑工程
606 0  @a合同法
690    @aD922.297.4@v5
690    @aD923.64@v5
701  0 @a周月萍@AZhou Yue Ping@c(女)@4编著
801  0 @aCN@bTANGWEI@c20140603
905    @b0841979-81@dD922.297.4@e1140@f3
    
    建筑企业法律风险防范与化解:2013版施工合同实务专辑/周月萍编著.-北京:法律出版社,2014
    375页:彩照;23cm.-(远建建筑房地产法律研究中心系列丛书)
    
    
    ISBN 978-7-5118-5769-9:CNY78.00
    本书从项目招标投标、合同效力、工程质量、签证与索赔等十一个专题角度,展开对2013版施工合同执行后建筑企业面临的新法律风险防范与化解的研讨;同时对施工合同与国际工程承包市场其他常用合同形式的对接也作了深入探讨。
●
相关链接 在E读中查询图书 在五车中查询图书 在当当中查询图书 在豆瓣中查询图书


正题名:建筑企业法律风险防范与化解     索取号:D922.297.4/1140         预约/预借

序号 登录号 条形码 馆藏地/架位号 状态 备注
1 0841979   208419790   第一样本阅览室/ [索取号:D922.297.4/1140] 在馆    
2 0841980   208419807   密集书库-史法系/ [索取号:D922.297.4/1140] 在馆    
3 0841981   208419816   第一借阅区/ [索取号:D922.297.4/1140] 在馆    
唐山师范学院图书馆 欢迎您!
大连网信软件有限公司© 版权所有